Beckov 1 Dejiny obce do roku 1918

Bibliographic Details
Main Authors: Dvořáková, Daniela, 1965- (Author), Lukačka, Ján, 1952- (Author), Mácelová, Marta, 1952- (Author), Mrva, Ivan, 1954- (Author), Paulusová, Silvia (Author), Šišmiš, Milan (Author), Tóthová, Štefánia (Author), Vrtel, Ladislav, 1953- (Author)
Other Authors: Karlík, Jozef (Compiler), Kalinová, Michaela (Photographer)
Format: Book
Language:Slovak
PhysicalDescription:204 s. fotogr. (prevažne fareb.) 29 cm
Published: Nové Mesto nad Váhom WillArt 2006
ISBN:8096958917 (viaz.)
Edition:1. vyd.
Subjects:

MARC

LEADER 00000nam a2200000 a 4500
001 vtls008942854
003 SK-MaSNL
005 20260302075619.0
008 151112s2006 xo o g 000 0 slo
015 |a SNBA2007/06-02364 
020 |a 8096958917 (viaz.) 
035 |a 9658F0DA-FCB3-4FAB-B15D-A54E4818AC1F 
035 |a urn:nbn:sk:snk-amjv16 
035 |a urn:nbn:sk:snk-am00849j 
040 |a SNK  |b slo  |c SNK  |e AACR2 
041 0 |a slo 
044 |a xo  |c SK 
072 7 |a 94(437)  |x Dejiny Česka a Slovenska  |2 konspekt 
080 |a 94(437.6)  |2 2001 
080 |a (084.12)  |2 2001 
245 0 0 |a Beckov  |n 1  |p Dejiny obce do roku 1918  |c zostavovateľ: Jozef Karlík ; autori: Daniela Dvořáková ... [et al.] ; autori fotografi: Michaela Kalinová ... [et al.] 
246 3 0 |a Dejiny obce do roku 1918 
250 |a 1. vyd. 
260 |a Nové Mesto nad Váhom  |b WillArt  |c 2006 
300 |a 204 s.  |b fotogr. (prevažne fareb.)  |c 29 cm 
366 |e 2000 výtl. 
500 |a Fareb. fotogr. na front. 
504 |a Pozn. 
648 7 |a do 1918  |2 SNKPH  |9 280155 
651 7 |a Beckov (Slovensko)  |2 SNKPH  |9 59477 
651 7 |a Beckov (Slovakia)  |2 SNKPHeng  |9 55286 
655 7 |a fotografické publikácie  |2 SNKPH  |9 70483 
655 7 |a Photographical works  |2 SNKPHeng  |9 278887 
700 1 |a Karlík, Jozef  |4 com  |9 7419 
700 1 |a Dvořáková, Daniela,  |d 1965-  |4 aut  |9 103354 
700 1 |a Kalinová, Michaela  |4 pht  |9 267365 
700 1 |a Lukačka, Ján,  |d 1952-  |4 aut  |9 102667 
700 1 |a Mácelová, Marta,  |d 1952-  |4 aut  |9 102406 
700 1 |a Mrva, Ivan,  |d 1954-  |4 aut  |9 92955 
700 1 |a Paulusová, Silvia  |4 aut  |9 720942 
700 1 |a Šišmiš, Milan  |4 aut  |9 278174 
700 1 |a Tóthová, Štefánia  |4 aut  |9 5552 
700 1 |a Vrtel, Ladislav,  |d 1953-  |4 aut  |9 209488 
919 |a 80-969589-1-7 
958 |a OND 
968 |d 93/94 
999 |c 1169920  |d 1171850 
952 |a SNK  |b SNK  |y VYP  |7 0  |p 17A0538607  |o snkSB 73751/1 D1  |i snk2007/3327  |8 0  |0 0  |1 0  |4 0  |d 2007-02-05  |l 0  |r 2016-06-30 00:00:00  |w 2026-02-24 
952 |a SNK  |b SNK  |y PREZ  |7 0  |p 17A0538606  |o snkSB 73751/1  |i snk2007/3326  |8 0  |0 0  |1 0  |4 0  |d 2007-02-05  |l 0  |r 2025-04-24 00:00:00  |w 2026-02-24